Manual de historia del derecho argentino : castellano - Indiano/Nacional. Tomo II, Judicial, civil, penal /

Guardado en:
Autor Principal: Levaggi, Abelardo
Formato: Libro
Idioma:Spanish
Publicado: Buenos Aires : Depalma, 1987.
Materias:
Etiquetas: Agregar Etiqueta
Sin Etiquetas, Sea el primero en etiquetar este registro!
LEADER 00518nam a22001455a 4500
001 DER.der013259
008 180615s1987####ag#||||||||||||||#||spa||
005 20251223131145.0
245 1 0 |a Manual de historia del derecho argentino :  |b castellano - Indiano/Nacional.  |n Tomo II,  |p Judicial, civil, penal /  |c Abelardo Levaggi. 
260 |a Buenos Aires :  |b Depalma,  |c 1987. 
300 |a 329 p. 
020 |a 9501404021 
100 1 |a Levaggi, Abelardo 
650 7 |a HISTORIA DEL DERECHO 
859 |a DERECHO  |b BIB. DERECHO  |h 340.820  |i LEV  |p 008189  |3 Tomo II